000 01670namaa22003371i 4500
005 20260621132547.0
008 260426s1995 ua a|||frm||| 000 0 eng d
040 _aEG-GICUC
_beng
_cEG-GICUC
_dEG-GICUC
_erda
041 0 _aeng
_beng
_bara
049 _aDeposit
097 _aPh.D
099 _aCai01.12.14.Ph.D.1995.Ma.P.
100 0 _aMamdouh Mohamed Ibrahim Nassar,
_epreparation.
245 1 0 _aThe Potential Of Some Juvenoids, Precocenes And Botanical Extracts For The Control Of Muscina Stabulans (Fall'en) (Diptera - Muscidae) /
_cBy Mamdouh Mohamed Ibrahim Nassar; Supervised By Prof. Dr. Aly EL-Moursy, Prof Dr. Refaat G. Abou EL-Ela, Prof. Dr. Fatima Jackson, Dr. Karem EL-Saeyd Ghoneim.
246 1 5 _aتحد يد بعض مشابهات هرمونات الشباب والبروكسينات والمستخلصات النباتية لامكانية مكافحة ذبابة " ماسينا استابيولانس"
264 0 _c1995.
300 _a212 Leaves :
_billustrations ;
_c30 cm. +
336 _2rda content
_atext
337 _2rdamedia
_aUnmediated
338 _2rdacarrier
_avolume
502 _aThesis (Ph.D)-Cairo University, 1995.
504 _aBibliography: pages 174-212.
653 0 _aEntomology
700 0 _aAly EL-Moursy
_ethesis advisor.
700 0 _aRefaat G. Abou EL-Ela
_ethesis advisor.
700 0 _aFatima Jackson
_ethesis advisor.
700 0 _aKarem EL-Saeyd Ghoneim
_ethesis advisor.
900 _DDepartment of Entomology
_FFaculty of Science
_UCairo University
_b1995
_cAly EL-Moursy
_cRefaat G. Abou EL-Ela
_cFatima Jackson
_cKarem EL-Saeyd Ghoneim
905 _aEman El gebaly
_eNourhan
942 _2ddc
_cTH
_e21
_n0
999 _c179712